| 000 | 00795nam a22002177a 4500 | ||
|---|---|---|---|
| 003 | BUBTL | ||
| 008 | 220113b ||||| |||| 00| 0 eng d | ||
| 020 | _a8170664810 | ||
| 082 | _a891.443/ M2891k/ 1985 | ||
| 100 |
_92326 _aমজুমদার, সমরেশ |
||
| 245 |
_aকালপুরুষ / _cসমরেশ মজুমদার |
||
| 250 | _a1st Edn. | ||
| 260 |
_aকলকাতা: _bআনন্দ, _cc1985. |
||
| 300 |
_a431 p.: _c22 cm. |
||
| 505 | _aকালপুরুষ, সমরেশ মজুমদার, বাংলা সাহিত্য, Bengali Literature | ||
| 650 | 0 |
_91687 _aবাংলা সাহিত্য |
|
| 650 | 0 |
_92152 _aBengali Literature |
|
| 856 |
_k0 _l0 _yDownload |
||
| 942 |
_2ddc _cBK |
||
| 999 |
_c6633 _d6633 |
||